| 000 | 01286nam a22002537a 4500 | ||
|---|---|---|---|
| 003 | St Aloysius Coll | ||
| 005 | 20260227172219.0 | ||
| 008 | 260227b |||||||| |||| 00| 0 eng d | ||
| 020 | _a9781292738611 | ||
| 040 | _cAL | ||
| 041 | _aEnglish | ||
| 082 |
_a301 _bCURS |
||
| 100 |
_aTimothy J Curry _9257110 |
||
| 245 |
_aSociology _b: evidence and insights |
||
| 250 | _a1 | ||
| 260 |
_aLondon _bPearson _c2025 |
||
| 300 |
_a575p. _bPB _c27.4x21.5cm |
||
| 365 |
_2General _a6279 _b₹5668.00 _c₹ _d₹7266 _e22% _f23/02/2026 |
||
| 520 | _aociology: Evidence and Insights guides students to analyze society through a combination of data and classic and contemporary sociological perspectives. In today's era of "alternative facts" and "fake news," authors Timothy Curry, Robert Jiobu and Cynthia Fabrizio Pelak give students the tools to distinguish between sociological insights and claims not supported by data. By prompting readers to make evidence-based arguments from different sociological perspectives, the text empowers students to bridge the great political and social divides that characterize our world today. | ||
| 650 |
_2Social Sciences _aSociology _9257111 |
||
| 700 |
_aJiobu, Robert M _9257112 |
||
| 700 |
_aPelak, Cynthia Fabrizio _9257113 |
||
| 942 |
_2ddc _cBK |
||
| 999 |
_c240966 _d240966 |
||